[Event "Druzynowe Mistrzostwa Polski Juniorow 2018 - II Liga"]
[Site "Szczyrk"]
[Date "1899-12-30"]
[Round "11.91"]
[White "Gazda, Dominik"]
[Black "Majek, Kacper"]
[Result "0-1"]
[WhiteTitle "I"]
[BlackTitle "I++"]
[WhiteElo "1567"]
[BlackElo "2088"]

1. e4 e5 2. Nf3 Nc6 3. Bc4 Bc5 4. b4 Bxb4 5. c3 Ba5 6. d4 d6 7. O-O Bd7 8. Qb3
Qe7 9. dxe5 O-O-O 10. exd6 cxd6 11. Be3 Nh6 12. Nd4 Ng4 13. Nxc6 Bxc6 14. Bxa7
Qe5 15. f4 Qxe4 16. Rf3 Qe1+ 17. Rf1 Qh4 18. h3 Qg3 19. Be6+ 0-1

[Event "Druzynowe Mistrzostwa Polski Juniorow 2018 - II Liga"]
[Site "Szczyrk"]
[Date "1899-12-30"]
[Round "11.92"]
[White "Derylo, Kamil"]
[Black "Jaszczuk, Mateusz"]
[Result "0-1"]
[WhiteTitle "I"]
[BlackTitle "II+"]
[WhiteElo "1755"]
[BlackElo "1393"]

1. e4 c5 2. d4 cxd4 3. c3 d3 4. Bxd3 e5 5. c4 Nc6 6. Nf3 Nf6 7. Nc3 Be7 8. O-O
d6 9. Bg5 Bg4 10. Bxf6 Bxf6 11. h3 Bxf3 12. Qxf3 Nd4 13. Qd1 O-O 14. Nd5 a6 15.
Rc1 Rc8 16. Qa4 Bg5 17. Rcd1 f5 18. exf5 Nxf5 19. Bxf5 Rxf5 20. Qb3 Rf7 21. Qd3
Qf8 22. Nc3 Be7 23. Ne4 Rc6 24. Qd5 Qc8 25. b3 Kf8 26. Rd3 Rf4 27. Re1 Qf5 28.
Ree3 Qf7 29. g3 Rf5 30. Kg2 Qxd5 31. Rxd5 Kf7 32. Rf3 Ke6 33. Rxf5 Kxf5 34. Kf3
h5 35. g4+ hxg4+ 36. hxg4+ Ke6 37. Rd1 b5 38. Rc1 d5 39. cxd5+ Kxd5 40. Rxc6 Kxc6
41. Ng3 Kd5 42. Nf5 e4+ 43. Kf4 g5+ 44. Ke3 Bc5+ 45. Ke2 Ke5 46. f3 Kf4 47. fxe4
Kxe4 48. Ng7 Be7 49. Ne6 b4 50. Nc7 a5 51. Kd2 Kf3 52. Nd5 Bc5 53. Kd3 Kxg4 54.
Kc4 Bd6 55. Kb5 Kf3 56. Nf6 g4 57. Nxg4 Kxg4 58. Kxa5 Kf3 59. Kb5 Ke3 60. Kc4
Kd2 61. a4 bxa3 62. b4 Bxb4 63. Kb3 Kc1 64. Ka2 Kc2 65. Ka1 Kb3 66. Kb1 a2+ 0-1

[Event "Druzynowe Mistrzostwa Polski Juniorow 2018 - II Liga"]
[Site "Szczyrk"]
[Date "1899-12-30"]
[Round "11.93"]
[White "Kucza, Kamil"]
[Black "Zhydachevskyy, Yulian"]
[Result "1-0"]
[WhiteTitle "II"]
[BlackTitle "II"]
[WhiteElo "1000"]
[BlackElo "1376"]

1. e4 e5 2. Nf3 Nc6 3. Bc4 Bc5 4. O-O Nf6 5. Nc3 d6 6. h3 O-O 7. d3 Be6 8. Bg5
h6 9. Bh4 a6 10. Bd5 Rb8 11. Bxc6 bxc6 12. b3 Bd4 13. Nxd4 exd4 14. Ne2 c5 15.
c3 dxc3 16. Nxc3 Qd7 17. Bxf6 gxf6 18. Qh5 Kh7 19. Nd5 Bxd5 20. Qxd5 Rg8 21. Qf5+
Qxf5 22. exf5 Rg5 23. g4 h5 24. f3 Kg8 25. Rfe1 Kf8 26. Re3 Re8 27. Rae1 Re5 28.
Kf2 Rg8 29. Re4 Ke7 30. Ra4 h4 31. Rxa6 Kd7 32. Rxe5 fxe5 33. f4 exf4 34. Kf3
Re8 35. Kxf4 Re1 36. Kg5 Rd1 37. Kxh4 Rxd3 38. g5 Rf3 39. g6 Rf1 40. g7 Rg1 41.
f6 Ke6 42. Ra8 Kxf6 43. Qg8 Rxg8 44. Rxg8 Ke5 45. Kg3 d5 46. Rg5+ Ke4 47. Kf2
c4 48. bxc4 dxc4 49. Ke2 f5 50. Rg7 c3 51. Rxc7 Kd4 52. h4 f4 53. Rxc3 Kxc3 54.
Kf3 Kb2 55. Kxf4 Kxa2 56. h5 Kb2 57. h6 1-0

[Event "Druzynowe Mistrzostwa Polski Juniorow 2018 - II Liga"]
[Site "Szczyrk"]
[Date "1899-12-30"]
[Round "11.94"]
[White "Derylo, Maksymilian"]
[Black "Guzik, Michal"]
[Result "1-0"]
[WhiteTitle "II"]
[BlackTitle "II"]
[WhiteElo "1199"]
[BlackElo "1188"]

1. e4 c5 2. Nf3 Nc6 3. d4 cxd4 4. Nxd4 d6 5. c4 Nf6 6. Nc3 g6 7. Be2 Bg7 8. Be3
O-O 9. O-O Bd7 10. Qd2 Rc8 11. Rac1 Ne5 12. b3 Bc6 13. Nxc6 Rxc6 14. h3 Ned7 15.
f4 Rc8 16. f5 Nc5 17. Bf3 a6 18. g4 Qc7 19. g5 Nfd7 20. b4 Ne5 21. bxc5 dxc5 22.
Nd5 Qd6 23. Qe2 e6 24. Nc3 exf5 25. exf5 gxf5 26. Bxb7 Rb8 27. Bd5 Rb6 28. Rfd1
Qc7 29. Bf4 Re8 30. Qf2 Qc8 31. Na4 Rg6 32. Qxc5 Qb8 33. Rb1 Qc8 34. Qxc8 Rxc8
35. Rb7 Rf8 36. Rb6 Rxb6 37. Nxb6 Ng6 38. Be3 f4 39. Bf2 Re8 40. c5 Re2 41. c6
Rc2 42. Nc4 Ne7 43. c7 1-0

[Event "Druzynowe Mistrzostwa Polski Juniorow 2018 - II Liga"]
[Site "Szczyrk"]
[Date "1899-12-30"]
[Round "11.96"]
[White "Salamon, Julia"]
[Black "Uliasz, Katarzyna"]
[Result "1-0"]
[WhiteTitle "I"]
[BlackTitle "I"]
[WhiteElo "1098"]
[BlackElo "1236"]

1. d4 d5 2. Nf3 Bf5 3. c4 dxc4 4. Nc3 e6 5. e4 Bg6 6. Bxc4 h6 7. Qb3 b6 8. O-O
Nd7 9. Bb5 a6 10. Bc6 Rb8 11. Ne5 Nf6 12. Bxd7+ Nxd7 13. Nxg6 fxg6 14. Qxe6+ Qe7
15. Qxg6+ Qf7 16. Qc6 Kd8 17. Nd5 Nf6 18. Nxf6 gxf6 19. Bf4 Rg8 20. Rac1 Rc8 21.
Qd5+ Qxd5 22. exd5 Rh8 23. Rc6 Rh7 24. Rxf6 Bg7 25. Rf7 Ke8 26. Rxc7 Rxc7 27.
Bxc7 Bxd4 28. d6 Bxb2 29. Bxb6 Ba3 30. Re1+ Kd7 31. Re7+ Rxe7 32. dxe7 Kxe7 33.
g4 Kf6 34. f4 Bd6 35. Be3 Bf8 36. Kf2 Be7 37. Kf3 Kg6 38. Ke4 Bf8 39. Ke5 Kf7
40. f5 Bg7+ 41. Kd6 Bf8+ 42. Kd7 Bg7 43. h4 Bf6 44. g5 hxg5 45. hxg5 Be5 46. Bd2
Bd4 47. Kc6 Ke7 48. Kb7 a5 49. Bxa5 Be3 50. Kc8 Kf7 51. Bd8 Ke8 52. a4 Ba7 53.
a5 Be3 54. Bb6 Bxg5 55. a6 Be7 56. a7 Bc5 57. Qa8 Bxb6 58. Qe4+ Kf8 59. Qb4+ Bc5
60. Qxc5+ Ke8 61. Qc7 Kf8 62. f6 1-0

[Event "Druzynowe Mistrzostwa Polski Juniorow 2018 - II Liga"]
[Site "Szczyrk"]
[Date "1899-12-30"]
[Round "11.97"]
[White "Slomczewski, Michal"]
[Black "Rzasa, Michal"]
[Result "1-0"]
[WhiteTitle "I+"]
[BlackTitle "III"]
[WhiteElo "2068"]
[BlackElo "1000"]

1. c4 g6 2. Nc3 Bg7 3. d4 d6 4. e4 Nf6 5. Nf3 O-O 6. Be2 c5 7. O-O Re8 8. Rb1 Na6
9. a3 b6 10. b4 Bg4 11. Be3 Rb8 12. h3 Bxf3 13. Bxf3 Nd7 14. Be2 Nc7 15. Nd5 Ne6
16. dxc5 dxc5 17. f4 Bd4 18. Qd3 Bxe3+ 19. Qxe3 Nd4 20. e5 f5 21. Bf3 e6 22. Nc3
Nf8 23. Nb5 Nxb5 24. cxb5 Qd4 25. Qxd4 cxd4 26. Rbd1 Red8 27. Rd3 Rbc8 28. Bc6
g5 29. g3 gxf4 30. gxf4 Ng6 31. Kg2 Kf7 32. Kf3 Ne7 33. Rc1 a6 34. a4 Nxc6 35.
bxc6 b5 36. axb5 axb5 37. Rc5 Rc7 38. Ke2 Ke7 39. Rg3 Kf7 40. Kd3 Rdc8 41. Kxd4
Rxc6 42. Rxc6 Rxc6 43. Rc3 Rb6 44. Rc7+ Kg6 45. Kc5 Rb8 46. Kd6 Rd8+ 47. Rd7 Rc8
48. Kxe6 Rc4 49. Rd1 Rxf4 50. Rg1+ Kh5 51. Kf6 Rxb4 52. Rg5+ Kh4 53. Rxf5 Re4
54. e6 b4 55. e7 Kxh3 56. Re5 Rf4+ 57. Ke6 h5 58. Qe8 Kg3 59. Qxh5 1-0

[Event "Druzynowe Mistrzostwa Polski Juniorow 2018 - II Liga"]
[Site "Szczyrk"]
[Date "1899-12-30"]
[Round "11.98"]
[White "Grubiak, Karol"]
[Black "Guzik, Natalia"]
[Result "0-1"]
[WhiteTitle "IV"]
[BlackTitle "I++"]
[WhiteElo "1000"]
[BlackElo "1668"]

1. e4 c5 2. Nf3 g6 3. Nc3 Bg7 4. Bc4 Nc6 5. d3 d6 6. Ng5 e6 7. Qf3 Ne5 8. Bb5+
Bd7 9. Bxd7+ Qxd7 10. Qg3 Nf6 11. Qe3 O-O 12. Qe2 d5 13. exd5 exd5 14. O-O Rfe8
15. h3 b5 16. Bf4 Nc6 17. Qd1 Nd4 18. Nf3 b4 19. Nxd4 bxc3 20. bxc3 cxd4 21. cxd4
Nh5 22. Be3 Qa4 23. c3 Qxd1 24. Rfxd1 Rac8 25. Rac1 Rc6 26. Rc2 Rec8 27. Rdc1
Nf6 28. Kf1 Ne8 29. Ke2 Nd6 30. a4 Nf5 31. Kd2 Nxe3 32. fxe3 Bh6 33. Re1 Re6 34.
Kd1 Rxe3 35. Rxe3 Bxe3 36. Re2 Bf4 37. Rc2 Kf8 38. Ke2 Ke7 39. Kd1 Bh6 40. Ke2
Kd6 41. Kd1 Re8 42. Rf2 f5 43. Rb2 Kc6 44. Rb5 Re3 45. Rc5+ Kd6 46. Ra5 Rxd3+
47. Kc2 Rd2+ 48. Kb3 Rxg2 49. Rxa7 f4 50. Rxh7 f3 51. Rf7 f2 52. a5 Be3 53. Kb4
Rg1 0-1

[Event "Druzynowe Mistrzostwa Polski Juniorow 2018 - II Liga"]
[Site "Szczyrk"]
[Date "1899-12-30"]
[Round "11.99"]
[White "Szymoniak, Pawel"]
[Black "Bochenek, Ryszard"]
[Result "0-1"]
[WhiteTitle "III"]
[BlackTitle "II"]
[WhiteElo "1144"]
[BlackElo "1296"]

1. e4 c5 2. Nf3 e6 3. d4 cxd4 4. Nxd4 Qb6 5. Nc3 Bc5 6. Be3 Nc6 7. Nce2 Qxb2 8.
Nxc6 Bxe3 9. fxe3 bxc6 10. Qd4 Qxd4 11. exd4 Nf6 12. Ng3 O-O 13. Rb1 Re8 14. Be2
e5 15. Rb4 d5 16. dxe5 Rxe5 17. exd5 Nxd5 18. Rc4 Ba6 19. Re4 Rxe4 20. Nxe4 Re8
21. Bxa6 Rxe4+ 22. Kd2 Ra4 23. Re1 g6 24. Bb7 Nb4 25. Ra1 c5 26. c3 Na6 27. Bc6
Rf4 28. Ke3 Rf6 29. Bb5 Nc7 30. Bc4 Kf8 31. Rd1 Ke7 32. h3 h5 33. Rd2 Rf5 34.
Rf2 Rxf2 35. Kxf2 a6 36. Ke3 Nb5 37. Kd3 f5 38. a4 Nc7 39. h4 Kf6 40. g3 Ke5 41.
Ke3 Nd5+ 42. Kd3 a5 43. Ba2 f4 44. gxf4+ Nxf4+ 45. Kc4 Kd6 46. Kb5 Ng2 47. Kxa5
Kc6 48. Bb1 Nxh4 49. Be4+ Kc7 50. Kb5 Nf5 51. Kxc5 h4 52. a5 Nd6 53. Bxg6 h3 54.
Bh5 Ne4+ 55. Kb4 Ng5 56. a6 h2 57. Bf3 Nxf3 58. a7 Kb7 59. c4 Qh1 60. c5 Kxa7
61. c6 Qh4+ 62. Kb5 Nd4+ 63. Kc5 Nb3+ 64. Kd6 Kb6 65. c7 Qf6+ 66. Kd7 Nc5+ 67.
Kc8 Qf8# 0-1

[Event "Druzynowe Mistrzostwa Polski Juniorow 2018 - II Liga"]
[Site "Szczyrk"]
[Date "1899-12-30"]
[Round "11.100"]
[White "Rzasa, Mateusz"]
[Black "Wojtasik, Szymon"]
[Result "0-1"]
[WhiteTitle "II"]
[BlackTitle "II"]
[WhiteElo "1092"]
[BlackElo "1343"]

1. e4 c5 2. Nf3 g6 3. Bc4 Bg7 4. Nc3 Nc6 5. d3 d6 6. Bf4 Nd4 7. Nxd4 cxd4 8. Ne2
e5 9. Bd2 Ne7 10. c3 O-O 11. O-O h6 12. h3 Kh7 13. cxd4 exd4 14. f4 f5 15. Rc1
Bd7 16. Qb3 Bc6 17. Ng3 d5 18. exd5 Nxd5 19. Rfe1 Ne3 20. Bxe3 dxe3 21. Kh1 Qh4
22. Kh2 Qxf4 23. Rf1 Qd6 24. Qa3 Qxa3 25. bxa3 Bb2 26. Rb1 Bxa3 27. Ne2 Bd6+ 28.
Kg1 f4 29. Nd4 Bc5 30. Ne2 f3 31. gxf3 Bxf3 32. Rb2 Bxe2 33. Rxe2 Rxf1+ 34. Kxf1
Rf8+ 35. Ke1 Bb4+ 36. Kd1 Rf1+ 37. Kc2 Bc5 38. Kb2 Rf2 39. d4 Bxd4+ 40. Kc2 Rxe2+
41. Bxe2 h5 42. Kd3 Bc5 43. Kc4 b6 44. a4 Kh6 45. Kd5 Kg5 46. Ke5 Kh4 47. Bf1
Kg3 48. Bb5 Kf2 49. Kf6 e2 50. Bxe2 Kxe2 51. Kxg6 h4 52. Kh5 Bf2 53. Kg4 Kd3 54.
Kf3 Bg3 0-1

[Event "Druzynowe Mistrzostwa Polski Juniorow 2018 - II Liga"]
[Site "Szczyrk"]
[Date "1899-12-30"]
[Round "11.101"]
[White "Matyjasek, Michalina"]
[Black "Trusz, Julia"]
[Result "0-1"]
[WhiteTitle "I"]
[BlackTitle "I+"]
[WhiteElo "1357"]
[BlackElo "1699"]

1. d4 Nf6 2. c4 c5 3. d5 b5 4. cxb5 a6 5. bxa6 Bxa6 6. g3 d6 7. Bg2 g6 8. Nf3 Bg7
9. O-O O-O 10. Re1 Nbd7 11. Nc3 Qb6 12. h3 Rfb8 13. e4 Ne8 14. Qd2 Qb4 15. a3
Qa5 16. Qc2 Nc7 17. Bd2 Qb6 18. Rab1 Qb3 19. Qxb3 Rxb3 20. Nd1 Bd3 21. Rc1 Nb5
22. Bg5 Bxb2 23. Nxb2 Rxb2 24. Re3 Be2 25. Bxe7 Bxf3 26. Bxf3 Re8 27. Bh4 Nd4
28. Kg2 Ne5 29. Bd1 Kg7 30. g4 f6 31. Bg3 Reb8 32. Bxe5 fxe5 33. Rec3 Ra2 34.
Bf3 Rbb2 35. Rf1 Nb5 36. Rc4 Rxa3 37. Rfc1 Nd4 38. R4c3 Raa2 39. Rf1 g5 40. Kg3
Kf6 41. Kg2 Kg6 42. Kg3 Nb5 43. Rc4 Ra3 44. Kg2 Rbb3 45. Bd1 Rb1 46. Be2 Rxf1
47. Bxf1 Nd4 48. Kh1 Nf3 49. Bg2 Ra1+ 50. Bf1 Rxf1+ 51. Kg2 Nd2 52. Rc2 Rd1 53.
f3 Nb3 54. Rc3 Rd2+ 55. Kh1 Rb2 56. Kg1 Nd4 57. Kh1 Rb3 58. Rc4 Rxf3 59. Kg2 Re3
60. Kh2 Rxe4 61. Kg3 Ne2+ 0-1

[Event "Druzynowe Mistrzostwa Polski Juniorow 2018 - II Liga"]
[Site "Szczyrk"]
[Date "1899-12-30"]
[Round "11.102"]
[White "Pietrzak, Emilia"]
[Black "Zajac, Aleksandra"]
[Result "0-1"]
[WhiteTitle "II"]
[BlackTitle "III"]
[WhiteElo "1210"]
[BlackElo "1000"]

1. e4 e5 2. Nf3 Nc6 3. Bc4 Bc5 4. O-O Nf6 5. Re1 d6 6. h3 O-O 7. c3 a6 8. d4 exd4
9. cxd4 Ba7 10. Bg5 h6 11. Bf4 Re8 12. e5 dxe5 13. dxe5 Nh7 14. Qxd8 Nxd8 15.
Nc3 Ne6 16. Be3 Bxe3 17. Rxe3 Bd7 18. Rd1 Nhf8 19. Nd4 Rad8 20. Bd5 Nxd4 21. Rxd4
Be6 22. Rd1 c6 23. Bxe6 Rxd1+ 24. Nxd1 Nxe6 25. Nc3 Rd8 26. Re2 Nf4 27. Re4 Nd3
28. b3 Re8 29. f4 Nc5 30. Rd4 Kh7 31. g3 Re7 32. Kf2 Rd7 33. Rd6 Rc7 34. f5 b5
35. a3 Nxb3 36. e6 fxe6 37. fxe6 Nc5 38. Ke3 Re7 39. Rxc6 Rxe6+ 40. Rxe6 Nxe6
41. Ne4 Kg6 42. Kf2 Ng5 43. Nxg5 Kxg5 44. Kf3 h5 45. Ke3 Kf5 46. Kf3 a5 47. g4+
hxg4+ 48. hxg4+ Ke5 49. Ke3 g5 50. Kf3 Kd4 51. Kf2 Kd3 52. Kf3 b4 53. axb4 axb4
54. Kf2 b3 55. Kf3 b2 0-1

[Event "Druzynowe Mistrzostwa Polski Juniorow 2018 - II Liga"]
[Site "Szczyrk"]
[Date "1899-12-30"]
[Round "11.103"]
[White "Szczepanski, Grzegorz"]
[Black "Krzywnicka, Maria"]
[Result "1-0"]
[WhiteTitle "III"]
[BlackTitle "I++"]
[WhiteElo "1184"]
[BlackElo "1845"]

1. d4 Nf6 2. c4 c5 3. Nf3 g6 4. Nc3 cxd4 5. Nxd4 d6 6. g3 Bg7 7. e3 O-O 8. Bg2
a6 9. O-O Qc7 10. b3 Nc6 11. Bb2 e6 12. Qf3 Ne5 13. Qe2 Bd7 14. f4 Nc6 15. Rad1
Nxd4 16. exd4 Rfe8 17. Qd3 Bc6 18. d5 exd5 19. Nxd5 Nxd5 20. Bxg7 Nxf4 21. Rxf4
Kxg7 22. Bxc6 Qxc6 23. Qd4+ Re5 24. Rdf1 Rf8 25. Rf6 Qc5 26. Rxd6 Qxd4+ 27. Rxd4
Rfe8 28. Rd7 R8e7 29. Rfd1 Re1+ 30. Rxe1 Rxd7 31. Kf2 Kf6 32. Re2 Kf5 33. h3 h5
34. a4 b6 35. Kf3 Kf6 36. b4 Rd4 37. Re4 Rd1 38. Ke3 Kf5 39. Rd4 Rg1 40. Rd5+
Ke6 41. Kf4 Rc1 42. Rd4 Ra1 43. c5 bxc5 44. bxc5 Rf1+ 45. Ke4 Rc1 46. Rd6+ Ke7
47. Kd5 Rc3 48. Rxa6 Rxg3 49. c6 Rc3 50. Ra7+ Kd8 51. Rxf7 Rxh3 52. a5 Ra3 53.
Kd6 Rd3+ 54. Kc5 Ra3 55. Kb6 Rb3+ 56. Ka7 h4 57. Rb7 Ra3 58. Kb8 1-0

[Event "Druzynowe Mistrzostwa Polski Juniorow 2018 - II Liga"]
[Site "Szczyrk"]
[Date "1899-12-30"]
[Round "11.104"]
[White "Gozdzicki, Maciej"]
[Black "Zychlewicz, Tomasz"]
[Result "1-0"]
[WhiteTitle "II+"]
[BlackTitle "II"]
[WhiteElo "1699"]
[BlackElo "1252"]

1. d4 d5 2. Nf3 Nf6 3. e3 e6 4. Bd3 Bd6 5. O-O O-O 6. b3 c6 7. Bb2 Nbd7 8. Ne5
Qc7 9. f4 b5 10. Rf3 a6 11. Nd2 c5 12. Rh3 h6 13. c4 b4 14. Qe1 Be7 15. g4 Nxe5
16. dxe5 Nxg4 17. Qg3 f5 18. exf6 Nxf6 19. Rxh6 Qd8 20. Nf3 dxc4 21. Bxc4 Rf7
22. f5 Bd6 23. Qg5 Ne4 24. Qxd8+ Rf8 25. Qh4 gxh6 26. Qxe4 Rb8 27. Bxe6+ Bxe6
28. Qxe6+ Rf7 29. Qxd6 Rbf8 30. Qg6+ Rg7 31. Qxg7# 1-0

[Event "Druzynowe Mistrzostwa Polski Juniorow 2018 - II Liga"]
[Site "Szczyrk"]
[Date "1899-12-30"]
[Round "11.105"]
[White "Baszczynski, Gabriel"]
[Black "Majdanski, Maksymilian"]
[Result "0-1"]
[WhiteTitle "II"]
[BlackTitle "I"]
[WhiteElo "1370"]
[BlackElo "1751"]

1. Nf3 Nf6 2. g3 d5 3. Bg2 c5 4. d3 Nc6 5. O-O e5 6. Nbd2 Bg4 7. b3 Bd6 8. Bb2
O-O 9. Re1 Qd7 10. c4 d4 11. Ng5 h6 12. Nge4 Nxe4 13. Nxe4 f5 14. Nxd6 Qxd6 15.
Bd5+ Kh8 16. a3 f4 17. Kg2 Qd7 18. Kg1 fxg3 19. hxg3 Ne7 20. Bg2 Bh3 21. e3 Bxg2
22. Kxg2 Qf5 23. Qd2 Qf3+ 24. Kg1 Rf5 25. Qe2 Raf8 26. Qxf3 Rxf3 27. exd4 Rxf2
28. Rab1 Rd2 29. Rxe5 Nf5 30. dxc5 Nxg3 31. Re3 Ne2+ 32. Kh1 Rf2 33. Be5 Rf5 34.
Re1 Rh5+ 35. Kg2 Nf4+ 36. Kg3 Nxd3 37. Bc3 Rg5+ 38. Kh4 Rh2+ 39. Rh3 Rxh3+ 40.
Kxh3 Nxe1 41. Bxe1 Rxc5 42. Bf2 Ra5 43. a4 a6 44. Bb6 Rg5 45. b4 Kg8 46. c5 Kf7
47. b5 Ke6 48. c6 bxc6 49. bxa6 Rf5 0-1

[Event "Druzynowe Mistrzostwa Polski Juniorow 2018 - II Liga"]
[Site "Szczyrk"]
[Date "1899-12-30"]
[Round "11.106"]
[White "Szachowicz, Mateusz"]
[Black "Gorczynski, Aleksander"]
[Result "1-0"]
[WhiteTitle "III"]
[BlackTitle "IV"]
[WhiteElo "1081"]
[BlackElo "1000"]

1. e4 e5 2. Nf3 Nc6 3. d4 exd4 4. Bc4 Bc5 5. c3 dxc3 6. Bxf7+ Kxf7 7. Qd5+ Ke8
8. Qh5+ g6 9. Qxc5 Qe7 10. Qxc3 Qb4 11. O-O Qxc3 12. Nxc3 d6 13. Nd5 Kd8 14. Bg5+
Kd7 15. Rfe1 Ne5 16. Nxe5+ dxe5 17. Rad1 Kc6 18. Rc1+ Kd6 19. Red1 Rb8 20. Nxc7#
1-0

[Event "Druzynowe Mistrzostwa Polski Juniorow 2018 - II Liga"]
[Site "Szczyrk"]
[Date "1899-12-30"]
[Round "11.107"]
[White "Dixa, Joanna"]
[Black "Partyka, Justyna"]
[Result "1-0"]
[WhiteTitle "I"]
[BlackTitle "II"]
[WhiteElo "1388"]
[BlackElo "1141"]

1. e4 e6 2. d4 d5 3. Nc3 Bb4 4. Qd3 Ne7 5. Nf3 c5 6. dxc5 Bxc5 7. Qb5+ Nd7 8. exd5
Nxd5 9. Nxd5 exd5 10. Be2 a6 11. Qd3 Nf6 12. O-O O-O 13. Bg5 Re8 14. Rfe1 Qb6
15. Rf1 Bxf2+ 16. Rxf2 Ng4 17. Bh4 Qxb2 18. Rff1 Ne3 19. Rfc1 Nxc2 20. Qxc2 Rxe2
21. Qxc8+ Re8 22. Qc3 Qb6+ 23. Bf2 Qg6 24. Re1 1-0

[Event "Druzynowe Mistrzostwa Polski Juniorow 2018 - II Liga"]
[Site "Szczyrk"]
[Date "1899-12-30"]
[Round "11.108"]
[White "Gorska, Marcelina"]
[Black "Chlasta, Joanna"]
[Result "0-1"]
[WhiteTitle "IV"]
[BlackTitle "IV"]
[WhiteElo "1000"]
[BlackElo "1000"]

1. e4 e5 2. Nf3 Nc6 3. d4 exd4 4. Bc4 Nh6 5. Bxh6 gxh6 6. Nxd4 Bg7 7. Nxc6 bxc6
8. c3 O-O 9. Nd2 Re8 10. O-O d5 11. exd5 cxd5 12. Bb3 c6 13. Nf3 Bg4 14. h3 Bxf3
15. Qxf3 Rf8 16. Rfe1 Re8 17. Qg4 Rxe1+ 18. Rxe1 Qg5 19. Qxg5 hxg5 20. Re7 Rc8
21. Rxa7 Re8 22. Ra6 Re1+ 23. Kh2 Bf6 24. Rxc6 Kg7 25. a4 Re2 26. a5 Be5+ 27.
Kg1 Re1# 0-1